Bleach - Openings - Statistics

General Stats
  • This quiz has been taken 95 times
    46 since last reset
  • The average score is 8 of 18
Answer Stats
Artist Opening % Correct
Orange Range *~Asterisk~
73%
UVERworld D-tecnolife
70%
Aqua Timez Velonica
70%
SID Ranbu no Melody
63%
miwa chAngE
60%
YUI Rolling Star
57%
Aqua Timez Alones
50%
Asian Kung-fu Generation After Dark
47%
Tatsuya Kitani Scar
47%
BEAT CRUSADERS Tonight, Tonight, Tonight
40%
Scandal Harukaze
37%
HIGH and MIGHTY COLOR Ichirin no Hana
37%
ViViD Blue
33%
Scandal Shōjo S
33%
Kelun Chu-Bura
20%
SIX LOUNGE Kotoba ni Sezu Tomo
17%
w.o.d. STARS
17%
Porno Graffitti Anima Rossa
13%
No matching quizzes found
Score Distribution
Percent of People with Each Score
Percentile by Number Answered
Your Score History
You have not taken this quiz since the last reset